000 00728nas a2200241 4500
001 BR9205752
003 BR-BrBNA
005 20231205100431.0
007 ta
008 230509b bl.|||p| |||| 00| 00por d
040 _aBR-BrBNA
_bpor
_cBiblioteca Nacional de Agricultura
041 _a(Pt)
072 _aH50
100 1 _aLa Torraca, S.M.
100 1 _aHaag, H.P.
100 1 _aDechen, A.R.
245 1 _aNutricao mineral de frutiferas tropicais 1. sintomas de carencias nutricionais em pupunha
650 _aDeficiencia Nutricional
650 _aPupunha
773 0 _tSolo (Brazil)
_xISSN 0584-0821
_g(Jan-Jun 1984), v. 76(1) p. 53-56
_wBR9205752
909 _a202311
_bLúcia
_c55
_dLúcia Elande
942 _2AGRIS
_n0
_cANA
999 _c155995
_d155995